| 000 | 01028nac a22003015a 4500 | ||
|---|---|---|---|
| 999 |
_c631 _d631 |
||
| 003 | EG-ScBUE | ||
| 005 | 20200128145234.0 | ||
| 008 | 100906t1999 njua f b 001 0 eng d | ||
| 020 | _a0132733501 | ||
| 020 | _a9780132733502 | ||
| 040 |
_aEG-ScBUE _beng _erda _cEG-ScBUE _dEG-ScBUE |
||
| 082 | 0 | 4 |
_a006.32 _bHAY _222 |
| 100 | 1 |
_aHaykin, Simon S, _d1931- _eauthor. _912279 |
|
| 245 | 1 | 0 |
_aNeural networks : _ba comprehensive foundation / _cSimon Haykin, McMaster University Hamilton, Ontario, Canada. |
| 250 | _aSecond edition. | ||
| 264 | 1 |
_aUpper Saddle River, New Jersey : _bPrentice Hall, _c[1999] |
|
| 264 | 4 | _cc 1999 | |
| 300 |
_axxi, 842 pages : _billustrations ; _c25 cm |
||
| 336 |
_2rdacontent _atext _btxt |
||
| 337 |
_2rdamedia _aunmediated _bn |
||
| 338 |
_2rdacarrier _avolume _bnc |
||
| 504 | _aIncludes bibliographical references and index. | ||
| 650 | 7 |
_aNeural networks (Computer science) _2BUEsh _918320 |
|
| 651 | _2BUEsh | ||
| 653 |
_bCOMSCI _bENGGEN _cAugust2018 |
||
| 655 | _vReading book | ||
| 942 |
_2ddc _cBB |
||